000 00359 a2200109 4500
001 ART_15639
005 20260410161616.0
008 260409a
245 1 0 _aThe best-performing CEOs in the word
100 1 _aHansen, Morten T.
773 0 _tHarvard Business Review
_gThe 100 best ceos in the world - Vol. 91,NÂș1/2 (ene./feb.2013)
_wREV340
999 _c11074
_d11074